The gifts of the Jews : (Record no. 772)

000 -LEADER
fixed length control field 01510nam a22003857a 4500
001 - CONTROL NUMBER
control field 2127223
003 - CONTROL NUMBER IDENTIFIER
control field OSt
005 - DATE AND TIME OF LATEST TRANSACTION
control field 20210422052922.0
008 - FIXED-LENGTH DATA ELEMENTS--GENERAL INFORMATION
fixed length control field 971103s1998 nyub 001 0 eng
010 ## - LIBRARY OF CONGRESS CONTROL NUMBER
LC control number 97045139
020 ## - INTERNATIONAL STANDARD BOOK NUMBER
International Standard Book Number 0385482485 (hardcover : alk. paper)
040 ## - CATALOGING SOURCE
Original cataloging agency DLC
Transcribing agency DLC
Modifying agency DLC
050 00 - LIBRARY OF CONGRESS CALL NUMBER
Classification number BM165
Item number .C25 1998
080 ## - UNIVERSAL DECIMAL CLASSIFICATION NUMBER
Universal Decimal Classification number 94
Item number C-14
082 00 - DEWEY DECIMAL CLASSIFICATION NUMBER
Classification number 909/.04924
Edition number 21
100 1# - MAIN ENTRY--PERSONAL NAME
Personal name Cahill, Thomas.
245 14 - TITLE STATEMENT
Title The gifts of the Jews :
Remainder of title how a tribe of desert nomads changed the way everyone thinks and feels /
Statement of responsibility, etc. Thomas Cahill.
250 ## - EDITION STATEMENT
Edition statement 1st ed.
260 ## - PUBLICATION, DISTRIBUTION, ETC.
Place of publication, distribution, etc. New York :
Name of publisher, distributor, etc. Nan A. Talese,
Date of publication, distribution, etc. c1998.
300 ## - PHYSICAL DESCRIPTION
Extent xii, 291 p. :
Other physical details maps ;
Dimensions 22 cm.
490 1# - SERIES STATEMENT
Series statement The hinges of history ;
Volume/sequential designation v. 2
500 ## - GENERAL NOTE
General note Includes indexes.
630 00 - SUBJECT ADDED ENTRY--UNIFORM TITLE
Uniform title Bible.
Name of part/section of a work Old Testament
General subdivision History of Biblical events.
650 #0 - SUBJECT ADDED ENTRY--TOPICAL TERM
Topical term or geographic name entry element Judaism
General subdivision History
Chronological subdivision To 70 A.D.
650 #0 - SUBJECT ADDED ENTRY--TOPICAL TERM
Topical term or geographic name entry element Jews
General subdivision History
Chronological subdivision To 70 A.D.
650 #0 - SUBJECT ADDED ENTRY--TOPICAL TERM
Topical term or geographic name entry element Civilization
General subdivision Jewish influences.
653 ## - INDEX TERM--UNCONTROLLED
Uncontrolled term ისტორია
800 1# - SERIES ADDED ENTRY--PERSONAL NAME
Personal name Cahill, Thomas.
Title of a work Hinges of history ;
Volume/sequential designation v. 2.
856 42 - ELECTRONIC LOCATION AND ACCESS
Materials specified Contributor biographical information
Uniform Resource Identifier <a href="http://www.loc.gov/catdir/bios/random058/97045139.html">http://www.loc.gov/catdir/bios/random058/97045139.html</a>
856 41 - ELECTRONIC LOCATION AND ACCESS
Materials specified Sample text
Uniform Resource Identifier <a href="http://www.loc.gov/catdir/samples/random042/97045139.html">http://www.loc.gov/catdir/samples/random042/97045139.html</a>
856 42 - ELECTRONIC LOCATION AND ACCESS
Materials specified Publisher description
Uniform Resource Identifier <a href="http://www.loc.gov/catdir/description/random046/97045139.html">http://www.loc.gov/catdir/description/random046/97045139.html</a>
906 ## - LOCAL DATA ELEMENT F, LDF (RLIN)
a 7
b cbc
c orignew
d 1
e ocip
f 19
g y-gencatlg
942 ## - ADDED ENTRY ELEMENTS (KOHA)
Source of classification or shelving scheme
Koha item type Books
Holdings
Withdrawn status Lost status Source of classification or shelving scheme Damaged status Not for loan Permanent location Current location Date acquired Inventory number Total Checkouts Full call number Barcode Date last seen Price effective from Koha item type
          Ken Walker International University Ken Walker International University 12/21/2020 2215   94 C-14 2215 12/21/2020 12/21/2020 Books

Powered by Koha